01084nam a22002897a 4500999001500000001000600015003000900021005001700030008004100047010001700088020001400105020001800119040003300137082001900170100002600189245011000215260008800325300002100413440004000434500004100474500003400515504002100549650006000570650002700630942001200657952012500669 c8410d841022104BD-DhUAP20240309134411.0240309b19812011ny a|||| |||| 000 0ceng d a 80042040  a052170658 a9780521706780 aDLCcBD-DhUAPdBD-DhUAPbeng00a428.64 GRE2191 aGrellet, Françoise.10aDeveloping reading skills :ba practical guide to reading comprehension exercises /cFrançoise Grellet. aCambridge [Cambridgeshire] ;aNew York :bCambridge University Press,c1983, c2011. a252 p. ;c22 cm. 0aNew directions in language teaching aCataloging based on CIP information. aOriginally published in 1981. aBibliography: p. 0aEnglish languagexStudy and teachingxForeign speakers. 0aReading comprehension. 2ddccBK 00102ddc4070aUAPCLbUAPCLcGeneral Stacksd2024-03-09o428.64 GREp3010022104r2024-03-09t1v520.00w2024-03-09yBK